<?xml version="1.0" encoding="UTF-8"?>
<marc:record xmlns:marc="http://www.loc.gov/MARC21/slim">
   <marc:leader>00000nam a2200000 a 4500</marc:leader>
   <marc:datafield ind1="0" ind2="0" tag="245">
      <marc:subfield code="a">Erik im Land der Insekten</marc:subfield>
   </marc:datafield>
   <marc:datafield ind1=" " ind2="1" tag="264">
      <marc:subfield code="a">Berlin</marc:subfield>
      <marc:subfield code="b">Tivola</marc:subfield>
      <marc:subfield code="c">2007</marc:subfield>
   </marc:datafield>
   <marc:datafield ind1="1" ind2=" " tag="520">
      <marc:subfield code="a">Angaben aus der Verlagsmeldung

Erik im Land der Insekten

Seit dem Tod seines Vaters ist der 10-jährige Erik ein Einzelgänger, scheu und eigenbrötlerisch. Vergeblich versucht er sich vor seinem Referat in der Schule zu drücken und entscheidet sich schließlich für das Thema Insekten.
In der Scheune seines Großvaters entdeckt er auf dem Dachboden ein altes Schulposter, das die Artenvielfalt der Insekten zeigt, und ein Insektenbuch. Durch einen Zauber schrumpft er auf Insektengröße und gelangt so in die Insektenwelt. Im Schneckenhotel mietet er sich als Bücherwurm ein – und mit Hilfe seines Insektenbuches gewinnt Erik bald die Bewunderung aller Bewohner.
Doch nicht jede Hilfe, die er den Tieren gibt, stellt sich als richtig heraus, so dass er einige Insekten sehr verärgert.

Der unterhaltsame Film verzichtet auf Computer-animationen und erzählt seine märchenhafte Geschichte mit Schauspielern in fantastischen Kostümen und spektakulären Dekors. So ganz nebenbei liefert er Wissenswertes über das tatsächliche Leben der Insekten.
</marc:subfield>
   </marc:datafield>
   <marc:datafield ind1=" " ind2=" " tag="020">
      <marc:subfield code="a">9783898871914</marc:subfield>
      <marc:subfield code="9">9783898871914</marc:subfield>
   </marc:datafield>
   <marc:datafield ind1=" " ind2=" " tag="020">
      <marc:subfield code="a">3898871916</marc:subfield>
      <marc:subfield code="9">3898871916</marc:subfield>
   </marc:datafield>
   <marc:datafield ind1=" " ind2=" " tag="041">
      <marc:subfield code="a">ger</marc:subfield>
   </marc:datafield>
</marc:record>
